00437cam a22000977a 4500008004000000082002000040245014400060260005000204300000900254700007600263180718b1966 xxu||||| |||| 00| 0 eng d aK5:O1307x41 Un3 aReport by the working party on ambulance training and equipmentcby Ministry of Health, Scottish Home and Health Department, United Kingdom aLondonbHer Majesty's Stationery Officec1966 a55p. aUnited Kingdom. Scottish Home and Health Department. Ministry of Health